000
00240nmm a2200097Ia 4500
008
220120s9999||||xx |||||||||||||||||und||
082
_a
658.403 8 POS
100
_a
Post, Gerald, V
245
0
_a
Management information systems
260
_c
2004
999
_c
139062
_d
139062